PG MEDICINE EDUCATION AND RESEARCH (Record no. 6246)
[ view plain ]
| 000 -LEADER | |
|---|---|
| fixed length control field | 00285nas a2200121Ia 4500 |
| 008 - FIXED-LENGTH DATA ELEMENTS--GENERAL INFORMATION | |
| fixed length control field | 150201s2014 xx 000 0 und d |
| 245 ## - TITLE STATEMENT | |
| Title | PG MEDICINE EDUCATION AND RESEARCH |
| 260 ## - PUBLICATION, DISTRIBUTION, ETC. (IMPRINT) | |
| Date of publication, distribution, etc. | 2014 |
| 310 ## - CURRENT PUBLICATION FREQUENCY | |
| Current publication frequency | Quaterly |
| 500 ## - GENERAL NOTE | |
| General note | NATIONAL |
| 650 ## - SUBJECT ADDED ENTRY--TOPICAL TERM | |
| Topical term or geographic name as entry element | General Medicine |
| 942 ## - ADDED ENTRY ELEMENTS (KOHA) | |
| Source of classification or shelving scheme | Dewey Decimal Classification |
| Koha item type | Loose Journals |
| Withdrawn status | Lost status | Source of classification or shelving scheme | Damaged status | Not for loan | Home library | Current library | Shelving location | Date acquired | Source of acquisition | Currency | Serial Enumeration / chronology | SGTU | Total Checkouts | Barcode | Date last seen | Bill Date | Koha item type |
|---|---|---|---|---|---|---|---|---|---|---|---|---|---|---|---|---|---|
| Dewey Decimal Classification | SGT Medical Library | SGT Medical Library | Reference Book | 11/06/2011 | JAYPEE | Rs | Vol. 48, Issue 3 (July, 2014) | SGTU | JM1804 | 09/02/2015 | 23/01/2014 | Loose Journals | |||||
| Dewey Decimal Classification | SGT Medical Library | SGT Medical Library | Reference Book | 11/06/2011 | JAYPEE | Rs | Vol. 48, Issue 4 (December, 2014) | SGTU | JM1810 | 09/02/2015 | 23/01/2014 | Loose Journals |